000
00304nam a22001217a 4500
082
_a
540
_b
RES/C
100
_a
RESONANCE
245
_a
CHEMISTRY RANK BOOSTER
_b
CLASS XI & XII
260
_a
KOTA
_b
RESONANCE EDUVENTURES
_c
2018
300
_a
324
650
_a
NEET CHEMISTRY ENTRANCE COACHING
_z
INDIA
942
_c
BK
999
_c
971
_d
971